[Event "Torneo B Autunno Vomero"]
[Site "Napoli ITA"]
[Date "2016.09.15"]
[Round "2"]
[White "Condorelli, Pietro"]
[Black "Cuccaro, Giuseppina"]
[WhiteElo "1681"]
[BlackElo "1429"]
[Result "1-0"]
[PlyCount "41"]
[EventDate "2016.09.08"]

1. e4 d6 2. d4 Nf6 3. Nc3 g6 4. Bg5 Bg7 5. Qd2 Na6 6. O-O-O c5 7. Bxa6 bxa6 8.
dxc5 O-O 9. cxd6 exd6 10. e5 h6 11. Bxf6 Bxf6 12. exf6 Qxf6 13. Nf3 Be6 14.
Qxh6 Bg4 15. Ng5 Qg7 16. Qxg7+ Kxg7 17. f3 Bd7 18. Rxd6 Bb5 19. Nxb5 axb5 20.
Rd7 a6 21. Ne6+ 1-0

[Event "Torneo B Autunno Vomero"]
[Site "Napoli ITA"]
[Date "2016.09.15"]
[Round "2"]
[White "Donadio, Giacinto"]
[Black "Capasso, Ciro"]
[WhiteElo "1491"]
[BlackElo "1440"]
[Result "1-0"]
[PlyCount "35"]
[EventDate "2016.09.08"]

1. d4 d5 2. Bf4 Nf6 3. e3 e6 4. Bd3 Nc6 5. c3 g6 6. Nf3 Bg7 7. Nbd2 O-O 8. Ne5
Bd7 9. g4 a6 10. h4 Qe7 11. Qf3 b5 12. Nxd7 Qxd7 13. h5 gxh5 14. gxh5 Rfe8 15.
h6 Bf8 16. O-O-O Be7 17. Qg3+ Kh8 18. Qg7# 1-0

[Event "Torneo B Autunno Vomero"]
[Site "Napoli ITA"]
[Date "2016.09.15"]
[Round "2"]
[White "Guglielmi, Domenico Donato"]
[Black "Cangiano, Gianluca"]
[WhiteElo "1542"]
[BlackElo "1440"]
[Result "1-0"]
[PlyCount "79"]
[EventDate "2016.09.08"]

1. d4 e6 2. c4 Nf6 3. Nc3 Bb4 4. Nf3 Bxc3+ 5. bxc3 O-O 6. Bg5 h6 7. Bh4 Na6 8.
e3 b6 9. Bd3 c5 10. O-O Bb7 11. e4 d5 12. e5 Ne4 13. Bxd8 Rfxd8 14. Bxe4 dxe4
15. Nd2 cxd4 16. Qe1 dxc3 17. Nxe4 c2 18. Nd6 Bc6 19. a4 Nc5 20. Qb4 Nd3 21.
Qc3 c1=Q 22. Rfxc1 Nxc1 23. Qxc1 a5 24. h3 Rab8 25. Qf4 Rf8 26. Ra3 f6 27. Nb5
fxe5 28. Qxe5 Rbd8 29. Rg3 Rd1+ 30. Kh2 Rd7 31. Qxe6+ Rdf7 32. Qxc6 Rf6 33.
Qd5+ Kh7 34. Rf3 Kh8 35. Rxf6 gxf6 36. Qh5 Kh7 37. Nd6 Kg7 38. Nf5+ Kh7 39.
Qxh6+ Kg8 40. Qg7# 1-0

[Event "Torneo B Autunno Vomero"]
[Site "Napoli ITA"]
[Date "2016.09.15"]
[Round "2"]
[White "Marchesini, Giulia"]
[Black "Caporali, Dante"]
[WhiteElo "1290"]
[BlackElo "1667"]
[Result "0-1"]
[PlyCount "112"]
[EventDate "2016.09.08"]

1. e4 e6 2. d4 d5 3. e5 c5 4. Nf3 Nc6 5. Be3 cxd4 6. Bxd4 Bd7 7. Bb5 Qa5+ 8.
Nc3 Bb4 9. Qd3 Nge7 10. O-O Bxc3 11. Bxc3 Qb6 12. Rfe1 O-O 13. Nd4 Qc7 14. Nf3
a6 15. Bxc6 Bxc6 16. Bb4 Rfe8 17. Bd6 Qd7 18. c3 Bb5 19. Qd4 Nf5 20. Qf4 Nxd6
21. exd6 Red8 22. Nd4 Qxd6 23. Qxd6 Rxd6 24. Nxb5 axb5 25. b3 Rc8 26. Rac1 Rdc6
27. h4 Rxc3 28. Rxc3 Rxc3 29. Rd1 Rc2 30. a4 bxa4 31. bxa4 Ra2 32. Rd4 g6 33.
g4 b5 34. axb5 Rb2 35. h5 Rxb5 36. h6 f5 37. gxf5 exf5 38. f4 Kf7 39. Kf2 Ke6
40. Kg3 Rb3+ 41. Kh4 Rc3 42. Kg5 Rc4 43. Rd2 Rc7 44. Rb2 Rd7 45. Rb6+ Kf7 46.
Rb8 d4 47. Rh8 Ke6 48. Rg8 d3 49. Rg7 d2 50. Rxh7 Rxh7 51. Kxg6 Rxh6+ 52. Kxh6
d1=Q 53. Kg7 Qg1+ 54. Kf8 Qc5+ 55. Kg8 Kf6 56. Kh8 Qf8+ 0-1

[Event "Torneo B Autunno Vomero"]
[Site "Napoli ITA"]
[Date "2016.09.15"]
[Round "2"]
[White "Orefice, Giovanni"]
[Black "Orefice, Matteo"]
[WhiteElo "1379"]
[BlackElo "1440"]
[Result "0-1"]
[PlyCount "94"]
[EventDate "2016.09.08"]

1. e4 e5 2. Nf3 Nc6 3. Bb5 d6 4. O-O Nf6 5. Re1 Bd7 6. c3 a6 7. Ba4 Be7 8. h3
O-O 9. d4 exd4 10. cxd4 b5 11. Bb3 Na5 12. Nc3 c5 13. dxc5 dxc5 14. Bd5 Nxd5
15. Nxd5 Bc6 16. b3 Bf6 17. Rb1 Re8 18. Nxf6+ Qxf6 19. e5 Qf5 20. Bb2 Bxf3 21.
Qxf3 Qxf3 22. gxf3 c4 23. bxc4 Nxc4 24. Bc3 Rac8 25. Rbd1 Re6 26. f4 Rg6+ 27.
Kh2 Nb6 28. Bb2 h6 29. f5 Rg5 30. f6 gxf6 31. exf6 Rc2 32. Bd4 Nd5 33. Rg1 Nxf6
34. Rxg5+ hxg5 35. Bxf6 Rxf2+ 36. Kg3 Rxf6 37. Rd8+ Kg7 38. Rd5 b4 39. Rd4 Rb6
40. Kg4 Kg6 41. Rd5 f6 42. Rd8 b3 43. axb3 Rxb3 44. Rd5 Rb4+ 45. Kg3 Ra4 46.
Kg2 Ra2+ 47. Rd2 Rxd2+ 0-1

[Event "Torneo B Autunno Vomero"]
[Site "Napoli ITA"]
[Date "2016.09.15"]
[Round "2"]
[White "Polizio, Italo"]
[Black "Chiaiese, Luciano"]
[WhiteElo "1258"]
[BlackElo "1525"]
[Result "0-1"]
[PlyCount "47"]
[EventDate "2016.09.08"]

1. e4 b6 2. d4 e6 3. Nf3 Bb7 4. Nc3 Bb4 5. Bd3 Bxc3+ 6. bxc3 d6 7. O-O Nf6 8.
Bg5 Qd7 9. Re1 h6 10. Bxf6 gxf6 11. Qd2 Nc6 12. d5 Ne7 13. dxe6 fxe6 14. Qf4
O-O-O 15. Qxf6 Rdf8 16. Qd4 Rhg8 17. Qe3 Nc6 18. Bb5 Qg7 19. g3 h5 20. h4 Qg4
21. Kg2 Ne7 22. Bc4 Ng6 23. Nd4 Nxh4+ 24. Kg1 {...} 0-1

[Event "Torneo B Autunno Vomero"]
[Site "Napoli ITA"]
[Date "2016.09.15"]
[Round "2"]
[White "Sheludko, Olexander"]
[Black "Giuffrida, Alfio"]
[WhiteElo "1598"]
[BlackElo "1440"]
[Result "1-0"]
[PlyCount "73"]
[EventDate "2016.09.08"]

1. Nf3 d5 2. g3 Nf6 3. Bg2 e6 4. d3 Bc5 5. Nc3 Bb4 6. O-O O-O 7. e4 d4 8. Ne2
e5 9. Nh4 Bg4 10. h3 Bh5 11. Bd2 c5 12. Bxb4 cxb4 13. Qd2 a5 14. f4 exf4 15.
Nxf4 Bg6 16. g4 Nc6 17. Nhxg6 fxg6 18. Ne6 Qd6 19. Nxf8 Rxf8 20. Qf4 Qc5 21.
Rf2 g5 22. Qf5 Nd7 23. Qxc5 Nxc5 24. Rxf8+ Kxf8 25. Rf1+ Kg8 26. e5 h6 27. Bd5+
Kh7 28. Bxc6 bxc6 29. Rf7 Kg6 30. Rc7 Ne6 31. Rxc6 Kf7 32. Ra6 Nd8 33. Rxa5 Nc6
34. Rd5 Ne7 35. Rxd4 Nc6 36. Rd5 Ke6 37. Rd6+ 1-0

[Event "Torneo B Autunno Vomero"]
[Site "Napoli ITA"]
[Date "2016.09.15"]
[Round "2"]
[White "Spano, Angelo Salvatore"]
[Black "Verre, Gaetano"]
[WhiteElo "1138"]
[BlackElo "1387"]
[Result "0-1"]
[PlyCount "46"]
[EventDate "2016.09.08"]

1. e4 e5 2. Nf3 Nc6 3. Bb5 Nf6 4. Bxc6 dxc6 5. Nc3 Bg4 6. h3 Bh5 7. g4 Nxg4 8.
hxg4 Bxg4 9. d3 Qf6 10. Bg5 Qxf3 11. Qxf3 Bxf3 12. O-O f6 13. Bh4 g5 14. Bg3
O-O-O 15. Rfe1 Bb4 16. Re3 g4 17. Bh4 Rdf8 18. a3 Ba5 19. b4 Bb6 20. Rae1 Bd4
21. a4 Bxc3 22. b5 cxb5 23. axb5 Bxe1 0-1

[Event "Torneo B Autunno Vomero"]
[Site "Napoli ITA"]
[Date "2016.09.19"]
[Round "3"]
[White "Cangiano, Gianluca"]
[Black "Orefice, Giovanni"]
[WhiteElo "1440"]
[BlackElo "1379"]
[Result "0-1"]
[PlyCount "30"]
[EventDate "2016.09.08"]

1. e4 e5 2. Nf3 Nc6 3. Bc4 h6 4. Nc3 Nf6 5. a3 Bc5 6. Rb1 O-O 7. b4 Bb6 8. Nd5
Nxd5 9. exd5 Nd4 10. Nxe5 Re8 11. f4 d6 12. Kf1 dxe5 13. fxe5 Rxe5 14. c3 Rf5+
15. Kg1 Ne2# 0-1

[Event "Torneo B Autunno Vomero"]
[Site "Napoli ITA"]
[Date "2016.09.19"]
[Round "3"]
[White "Caporali, Dante"]
[Black "Esposito, Marco"]
[WhiteElo "1667"]
[BlackElo "1440"]
[Result "0-1"]
[PlyCount "58"]
[EventDate "2016.09.08"]

1. d4 e6 2. c4 c5 3. d5 Qc7 4. Nc3 a6 5. Nf3 b6 6. e4 d6 7. Be2 Nd7 8. O-O Be7
9. Be3 h6 10. Qd2 Bb7 11. h3 Ngf6 12. Rfd1 g5 13. Nh2 O-O-O 14. Ng4 Nxg4 15.
Bxg4 h5 16. Be2 Rdg8 17. f3 Ne5 18. f4 gxf4 19. Bxf4 exd5 20. Bxe5 dxe5 21.
Nxd5 Bg5 22. Nxc7 Bxd2 23. Bf3 Be3+ 24. Kf1 Kxc7 25. Ke2 Bd4 26. Rab1 h4 27.
Bg4 Bxe4 28. Rxd4 cxd4 29. Rf1 f5 0-1

[Event "Torneo B Autunno Vomero"]
[Site "Napoli ITA"]
[Date "2016.09.19"]
[Round "3"]
[White "Chiaiese, Luciano"]
[Black "Verre, Gaetano"]
[WhiteElo "1525"]
[BlackElo "1387"]
[Result "0-1"]
[PlyCount "50"]
[EventDate "2016.09.08"]

1. Nf3 Nc6 2. g3 e5 3. Nc3 d5 4. d3 Nf6 5. Bg2 Bc5 6. O-O O-O 7. Be3 d4 8. Na4
dxe3 9. Nxc5 Ng4 10. Qc1 b6 11. Nb3 Nxf2 12. Qxe3 Ng4 13. Qd2 Bb7 14. h3 Nf6
15. Qc3 Nd5 16. Qd2 f5 17. c4 Nf6 18. Qc3 e4 19. dxe4 Nxe4 20. Qe3 Nxg3 21.
Rfd1 Qf6 22. Nfd2 f4 23. Bd5+ Kh8 24. Qf3 Ne5 25. Qc3 Nxe2+ 0-1

[Event "Torneo B Autunno Vomero"]
[Site "Napoli ITA"]
[Date "2016.09.19"]
[Round "3"]
[White "Condorelli, Pietro"]
[Black "Marchesini, Giulia"]
[WhiteElo "1681"]
[BlackElo "1290"]
[Result "1-0"]
[PlyCount "65"]
[EventDate "2016.09.08"]

1. e4 e5 2. Nf3 Nc6 3. Bc4 d6 4. h3 h6 5. c3 Nf6 6. Qe2 a6 7. Bb3 d5 8. exd5
Nxd5 9. Nxe5 Nxe5 10. Qxe5+ Be6 11. O-O Qd6 12. Qe4 c6 13. d4 Nf6 14. Qe2 Be7
15. Bxe6 Qxe6 16. Be3 Rd8 17. Nd2 Ne4 18. Nf3 Bd6 19. Rfe1 Bc7 20. Qc2 Kf8 21.
Bd2 f5 22. Nh4 Re8 23. f3 Bg3 24. fxe4 Bxe1 25. exf5 Qe7 26. Ng6+ Kg8 27. Nxe7+
Rxe7 28. Rxe1 Kf7 29. Rxe7+ Kxe7 30. Qe4+ Kf7 31. Qe6+ Kf8 32. Bf4 a5 33. Bd6#
1-0

[Event "Torneo B Autunno Vomero"]
[Site "Napoli ITA"]
[Date "2016.09.19"]
[Round "3"]
[White "Giuffrida, Alfio"]
[Black "Spano, Angelo Salvatore"]
[WhiteElo "1440"]
[BlackElo "1138"]
[Result "0-1"]
[PlyCount "84"]
[EventDate "2016.09.08"]

1. e4 g6 2. Nf3 Bg7 3. Bc4 e6 4. O-O Ne7 5. Re1 b6 6. d3 Bb7 7. d4 d5 8. exd5
exd5 9. Bb5+ Bc6 10. Qd3 O-O 11. Bg5 Re8 12. Nc3 a6 13. Bxc6 Nbxc6 14. Nxd5
Qxd5 15. c4 Qf5 16. Re4 Nb4 17. Qe2 Bxd4 18. Rf4 Qd7 19. Rxd4 Qf5 20. Rf4 Qd7
21. Rd1 Qa4 22. h3 Nf5 23. Re4 Rxe4 24. Qxe4 Qxd1+ 25. Kh2 Rc8 26. Nh4 Qd7 27.
Qe5 Re8 28. Qf6 Qe7 29. Qxe7 Nxe7 30. Nf3 Nd3 31. Kg3 Nf5+ 32. Kh2 Nxf2 33. Bf4
c6 34. g4 Re4 35. Bc7 Ne7 36. Bxb6 Nd3 37. Nd2 Re2+ 38. Kg3 Rxd2 39. Be3 Rxb2
40. a3 Rb3 41. Bg5 Nc8 42. c5 Rxa3 0-1

[Event "Torneo B Autunno Vomero"]
[Site "Napoli ITA"]
[Date "2016.09.19"]
[Round "3"]
[White "Guglielmi, Domenico Donato"]
[Black "Sheludko, Olexander"]
[WhiteElo "1542"]
[BlackElo "1598"]
[Result "0-1"]
[PlyCount "76"]
[EventDate "2016.09.08"]

1. d4 Nf6 2. c4 g6 3. Nc3 Bg7 4. Nf3 d6 5. h3 O-O 6. Bf4 Nc6 7. e3 Re8 8. a3
Nh5 9. Bh2 e5 10. Be2 exd4 11. Nxd4 Nf6 12. O-O Nxd4 13. exd4 Ne4 14. Bf3 Ng5
15. Bg4 f5 16. Be2 Ne6 17. d5 Nd4 18. Re1 Qg5 19. Qc1 Qh4 20. Bg3 Qf6 21. Qd1
f4 22. Bh2 f3 23. Bxf3 Rxe1+ 24. Qxe1 Nxf3+ 25. gxf3 Bxh3 26. Qe3 Rf8 27. f4
Qh4 28. Rb1 g5 29. fxg5 Bd4 30. Bg3 Qg4 31. Qe6+ Qxe6 32. dxe6 Bxe6 33. Nb5 Bb6
34. b3 Rf5 35. Bh4 Rf4 36. Bg3 Rg4 37. Nc3 Rxg3+ 38. Kh2 Rxc3 0-1

[Event "Torneo B Autunno Vomero"]
[Site "Napoli ITA"]
[Date "2016.09.19"]
[Round "3"]
[White "Orefice, Matteo"]
[Black "Compagnone, Luigi"]
[WhiteElo "1440"]
[BlackElo "1203"]
[Result "1-0"]
[PlyCount "71"]
[EventDate "2016.09.08"]

1. e4 e5 2. Nf3 Nc6 3. Bb5 a6 4. Ba4 b5 5. Bb3 Nf6 6. O-O Bc5 7. Re1 d6 8. h3
O-O 9. c3 Qe8 10. d4 exd4 11. cxd4 Bb4 12. Nc3 Bxc3 13. bxc3 Nxe4 14. Bd5 Bf5
15. Ng5 Nxc3 16. Rxe8 Nxd1 17. Rxa8 Rxa8 18. Bxc6 Rd8 19. Be3 Nc3 20. Bb7 Rb8
21. Bxa6 Nd5 22. a4 c6 23. axb5 cxb5 24. Bxb5 h6 25. Bc6 Nxe3 26. Nxf7 Kxf7 27.
fxe3 Ke6 28. g4 Bh7 29. e4 Rb4 30. Bd5+ Kf6 31. Rd1 Ra4 32. Rd3 Kg5 33. Kg2 Kf4
34. Rf3+ Kg5 35. Kg3 h5 36. h4+ 1-0

[Event "Torneo B Autunno Vomero"]
[Site "Napoli ITA"]
[Date "2016.09.19"]
[Round "3"]
[White "Polizio, Italo"]
[Black "Donadio, Giacinto"]
[WhiteElo "1258"]
[BlackElo "1491"]
[Result "0-1"]
[PlyCount "128"]
[EventDate "2016.09.08"]

1. e4 e6 2. d4 d5 3. exd5 exd5 4. Nf3 Nf6 5. Nc3 Bb4 6. Bd2 O-O 7. a3 Ba5 8.
Bd3 Re8+ 9. Be2 Bg4 10. O-O c6 11. h3 Bh5 12. Re1 h6 13. b4 Bc7 14. Na4 Qd6 15.
g3 Ne4 16. Bf4 Qd8 17. Bxc7 Qxc7 18. g4 Bg6 19. Nc5 Nd7 20. Nxe4 Bxe4 21. Bd3
Nf6 22. Re3 Qf4 23. Bxe4 Rxe4 24. Rxe4 Nxe4 25. Qd3 Ng5 26. Kg2 Nxf3 27. Qxf3
Qxf3+ 28. Kxf3 Re8 29. Rb1 b6 30. b5 c5 31. dxc5 bxc5 32. a4 Re4 33. Rd1 Rxa4
34. Rxd5 Rc4 35. Rd2 Rb4 36. Rd7 Rxb5 37. Rxa7 Rb2 38. c4 Rc2 39. Ra4 g6 40.
Kg3 Kg7 41. f3 Rc3 42. Kf4 Kf6 43. Ke4 g5 44. Kd5 Rxf3 45. Kxc5 Ke5 46. Ra2
Rxh3 47. Rd2 h5 48. Rd5+ Kf6 49. Rd6+ Kg7 50. Rd5 f6 51. Kd6 hxg4 52. c5 Rh8
53. Kc6 Kg6 54. Kb7 Kh5 55. c6 g3 56. Rd2 f5 57. c7 f4 58. Rd8 Rh7 59. Kb8 Rxc7
60. Kxc7 g2 61. Rd1 Kh4 62. Kd6 f3 63. Ke5 f2 64. Rd4+ g4 0-1

[Event "Torneo B Autunno Vomero"]
[Site "Napoli ITA"]
[Date "2016.09.29"]
[Round "4"]
[White "Cangiano, Gianluca"]
[Black "Giuffrida, Alfio"]
[WhiteElo "1440"]
[BlackElo "1440"]
[Result "0-1"]
[PlyCount "34"]
[EventDate "2016.09.08"]

1. e4 e5 2. Nf3 Nf6 3. Nxe5 Bc5 4. Bc4 O-O 5. Nxf7 Qe7 6. Nh6+ Kh8 7. Qf3 Nxe4
8. Nf7+ Rxf7 9. Bxf7 Nxf2+ 10. Kf1 Nxh1 11. Qh5 Qf6+ 12. Ke2 Qf2+ 13. Kd3 Qd4+
14. Ke2 Qe4+ 15. Kf1 Qf4+ 16. Ke2 Qe4+ 17. Kd1 Nf2# 0-1

[Event "Torneo B Autunno Vomero"]
[Site "Napoli ITA"]
[Date "2016.09.29"]
[Round "4"]
[White "Capasso, Ciro"]
[Black "Compagnone, Luigi"]
[WhiteElo "1440"]
[BlackElo "1203"]
[Result "0-1"]
[PlyCount "60"]
[EventDate "2016.09.08"]

1. e4 e5 2. Nf3 Nc6 3. Bc4 Nf6 4. Nc3 h6 5. O-O Bc5 6. h3 d6 7. b3 O-O 8. Bb2
Qe7 9. d3 Be6 10. Nd5 Bxd5 11. Bxd5 Nxd5 12. exd5 Nb4 13. c4 c6 14. Qe2 cxd5
15. cxd5 Nxd5 16. Qe4 Nf6 17. Qc4 Rfc8 18. Qc2 Rc7 19. Qd2 Rac8 20. b4 Bb6 21.
Qe2 Rc2 22. Qd1 Rxb2 23. Rb1 Rxa2 24. Ra1 Rxa1 25. Qxa1 d5 26. Re1 e4 27. dxe4
dxe4 28. Qb2 Qd6 29. Ne5 Bd4 30. Qb3 Bxe5 0-1

[Event "Torneo B Autunno Vomero"]
[Site "Napoli ITA"]
[Date "2016.09.29"]
[Round "4"]
[White "Esposito, Marco"]
[Black "Sheludko, Olexander"]
[WhiteElo "1440"]
[BlackElo "1598"]
[Result "0-1"]
[PlyCount "74"]
[EventDate "2016.09.08"]

1. c4 g6 2. Nc3 Bg7 3. e3 Nf6 4. b3 O-O 5. Bb2 Nc6 6. a3 d6 7. Nf3 e5 8. Qc2
Bg4 9. h3 Bxf3 10. gxf3 a6 11. Bd3 d5 12. O-O-O d4 13. Ne4 Nd7 14. h4 f5 15.
Ng5 Rf6 16. c5 b5 17. cxb6 Na5 18. Bc4+ Kh8 19. Nf7+ Rxf7 20. bxc7 Qxc7 21.
Bxf7 Qb7 22. Kb1 Rc8 23. Bd5 Qb8 24. Bc3 dxc3 25. dxc3 Nc5 26. b4 Nc6 27. Ka2
Nb7 28. Be6 Rc7 29. Rd7 e4 30. Rxc7 Qxc7 31. fxe4 fxe4 32. Qxe4 Nd6 33. Qf4 Ne5
34. Rc1 Nd3 35. Qg5 Nxc1+ 36. Kb2 Ne4 37. Qg2 Qxc3+ 0-1

[Event "Torneo B Autunno Vomero"]
[Site "Napoli ITA"]
[Date "2016.09.29"]
[Round "4"]
[White "Marchesini, Giulia"]
[Black "Guglielmi, Domenico Donato"]
[WhiteElo "1290"]
[BlackElo "1542"]
[Result "1/2-1/2"]
[PlyCount "111"]
[EventDate "2016.09.08"]

1. e4 c5 2. Nf3 Nc6 3. d4 cxd4 4. Nxd4 Nf6 5. Nxc6 bxc6 6. Nc3 e5 7. Bc4 Bb4 8.
Bg5 Bxc3+ 9. bxc3 O-O 10. O-O Rb8 11. Bb3 Bb7 12. c4 h6 13. Bxf6 Qxf6 14. Qxd7
Rfd8 15. Qf5 Qxf5 16. exf5 c5 17. Rfe1 f6 18. c3 Rd6 19. Bc2 Rbd8 20. h3 Rd2
21. Bb3 Rb2 22. Rad1 Rdd2 23. Rxd2 Rxd2 24. f3 Rd3 25. Rd1 e4 26. fxe4 Bxe4 27.
Rxd3 Bxd3 28. Kf2 Bxf5 29. g4 Bd3 30. Ke3 Bf1 31. h4 g5 32. hxg5 fxg5 33. Ke4
Be2 34. Kf5 Kg7 35. a3 Bd3+ 36. Ke5 Kg6 37. Kd5 Be2 38. Kxc5 Bxg4 39. Kd6 h5
40. Bc2+ Kf6 41. Be4 h4 42. c5 h3 43. c6 h2 44. Kc7 Bf5 45. Bg2 g4 46. Kd8 g3
47. c7 Bh3 48. c8=Q Bxg2 49. Qa6+ Kf5 50. Qd3+ Be4 51. Qf1+ Kg4 52. Qe2+ Bf3
53. Qe6+ Kf4 54. Qh6+ Ke4 55. Qh4+ Ke3 56. Qh6+ 1/2-1/2

[Event "Torneo B Autunno Vomero"]
[Site "Napoli ITA"]
[Date "2016.09.29"]
[Round "4"]
[White "Pellegrino, Laura"]
[Black "Orefice, Matteo"]
[WhiteElo "1446"]
[BlackElo "1440"]
[Result "0-1"]
[PlyCount "46"]
[EventDate "2016.09.08"]

1. d4 d5 2. Nf3 Nf6 3. e3 Bg4 4. c4 e6 5. Qb3 b6 6. Ne5 Bd6 7. cxd5 Bxe5 8.
dxe5 Nxd5 9. Qa4+ c6 10. Qxg4 Rg8 11. Nc3 Nxc3 12. bxc3 Nd7 13. Qe4 Qc7 14.
Qxh7 O-O-O 15. f4 Nc5 16. Be2 g6 17. Qh3 Qd7 18. O-O Ne4 19. Rd1 Qxd1+ 20. Bxd1
Nd2 21. g3 Rh8 22. Qg2 Nf3+ 23. Kf2 Rxh2 0-1

[Event "Torneo B Autunno Vomero"]
[Site "Napoli ITA"]
[Date "2016.09.29"]
[Round "4"]
[White "Spano, Angelo Salvatore"]
[Black "Chiaiese, Luciano"]
[WhiteElo "1138"]
[BlackElo "1525"]
[Result "0-1"]
[PlyCount "32"]
[EventDate "2016.09.08"]

1. e4 e6 2. Nf3 Nc6 3. d4 d5 4. e5 f6 5. Nc3 Bb4 6. exf6 Nxf6 7. Bd2 b6 8. Bb5
Bb7 9. Ne5 Qd6 10. Bxc6+ Bxc6 11. Nxc6 Qxc6 12. a3 Bd6 13. Qe2 Kd8 14. O-O a6
15. Qxe6 Bxh2+ 16. Kxh2 Qxe6 0-1

[Event "Torneo B Autunno Vomero"]
[Site "Napoli ITA"]
[Date "2016.09.29"]
[Round "4"]
[White "Verre, Gaetano"]
[Black "Caporali, Dante"]
[WhiteElo "1387"]
[BlackElo "1667"]
[Result "0-1"]
[PlyCount "72"]
[EventDate "2016.09.08"]

1. e4 e6 2. d4 d5 3. exd5 exd5 4. Nc3 Nf6 5. Nf3 Bd6 6. Be2 O-O 7. O-O a6 8.
Bg5 Be6 9. Ne5 h6 10. Bh4 Be7 11. Bf3 Nbd7 12. Qd2 b5 13. a3 Nxe5 14. dxe5 Nd7
15. Bxe7 Qxe7 16. Nxd5 Bxd5 17. Bxd5 Rad8 18. Qe2 Qxe5 19. Qxe5 Nxe5 20. Bb3 c5
21. f4 Nc6 22. a4 Nd4 23. axb5 axb5 24. Rf2 Nxb3 25. cxb3 Rd3 26. Rc1 Rxb3 27.
Rxc5 Ra8 28. Rc1 Ra2 29. Rb1 Rb4 30. Kf1 Rba4 31. Ke2 Re4+ 32. Kd3 Raa4 33. g3
Rad4+ 34. Kc2 b4 35. b3 Re3 36. Ra1 Rc3+ 0-1

[Event "Torneo B Autunno Vomero"]
[Site "Napoli ITA"]
[Date "2016.10.06"]
[Round "5"]
[White "Caporali, Dante"]
[Black "Orefice, Giovanni"]
[WhiteElo "1667"]
[BlackElo "1379"]
[Result "1/2-1/2"]
[PlyCount "57"]
[EventDate "2016.09.08"]

1. d4 d5 2. c4 Nf6 3. Nc3 e6 4. e3 b6 5. cxd5 exd5 6. Nf3 Bg4 7. Be2 g6 8. O-O
Bg7 9. h3 Bxf3 10. Bxf3 c6 11. Bd2 O-O 12. Rc1 Re8 13. Re1 Qd6 14. a3 c5 15.
dxc5 bxc5 16. Na4 Nbd7 17. Bc3 Rac8 18. Bxf6 Nxf6 19. Nc3 Red8 20. a4 a6 21.
Qe2 d4 22. exd4 cxd4 23. Ne4 Nxe4 24. Rxc8 Rxc8 25. Bxe4 Re8 26. Qd3 Kf8 27.
Rd1 a5 28. g4 Qf4 29. Bg2 1/2-1/2

[Event "Torneo B Autunno Vomero"]
[Site "Napoli ITA"]
[Date "2016.10.06"]
[Round "5"]
[White "Chiaiese, Luciano"]
[Black "Esposito, Marco"]
[WhiteElo "1525"]
[BlackElo "1440"]
[Result "0-1"]
[PlyCount "66"]
[EventDate "2016.09.08"]

1. Nf3 c5 2. g3 e6 3. Bg2 Qc7 4. d3 Bd6 5. Nc3 a6 6. Ne4 Nc6 7. Nxd6+ Qxd6 8.
O-O b6 9. Bf4 Qe7 10. Ne5 Bb7 11. Nc4 g5 12. Bc7 d5 13. Nxb6 Qxc7 14. Nxa8 Bxa8
15. Qd2 Qe7 16. Qc3 Nf6 17. e4 d4 18. Qd2 g4 19. Qe2 h5 20. f3 Ne5 21. f4 Nc6
22. c3 h4 23. cxd4 Nxd4 24. Qd1 Bc6 25. e5 Nd5 26. Bxd5 exd5 27. Qxg4 Bd7 28.
Qg7 Qf8 29. Qf6 hxg3 30. Qxa6 Ne2+ 31. Kg2 Rxh2+ 32. Kf3 Nd4+ 33. Ke3 Re2# 0-1

[Event "Torneo B Autunno Vomero"]
[Site "Napoli ITA"]
[Date "2016.10.06"]
[Round "5"]
[White "Compagnone, Luigi"]
[Black "Spano, Angelo Salvatore"]
[WhiteElo "1203"]
[BlackElo "1138"]
[Result "1-0"]
[PlyCount "91"]
[EventDate "2016.09.08"]

1. e4 g6 2. d4 Bg7 3. Nf3 Nc6 4. Nc3 e6 5. Bc4 Nge7 6. O-O Na5 7. Bb3 Nxb3 8.
axb3 c6 9. Bg5 d5 10. Bxe7 Qxe7 11. exd5 cxd5 12. Re1 Qd7 13. Ra5 b6 14. Rxd5
Qb7 15. Ng5 O-O 16. Rb5 Rd8 17. Rb4 Qe7 18. Rb5 Ba6 19. Nf3 Bxb5 20. Nxb5 a6
21. Nc3 Rd6 22. Ne4 Rd7 23. c4 Rad8 24. Qa1 a5 25. Rd1 Bxd4 26. Nxd4 Rxd4 27.
Re1 Qd7 28. Nf6+ Kf8 29. Nxd7+ R4xd7 30. h3 h5 31. Qc1 Ke7 32. Kh2 Rd2 33. Kg3
Kf6 34. Qc3+ Ke7 35. Qc1 R2d3+ 36. Kh2 Rxb3 37. Qg5+ Ke8 38. Qh6 Ke7 39. Qc1
Rc8 40. Re3 Rb4 41. b3 Rc5 42. Qd1 b5 43. Rd3 bxc4 44. Rd7+ Kf6 45. Qd4+ Kg5
46. Qxc5+ 1-0

[Event "Torneo B Autunno Vomero"]
[Site "Napoli ITA"]
[Date "2016.10.06"]
[Round "5"]
[White "Giuffrida, Alfio"]
[Black "Marchesini, Giulia"]
[WhiteElo "1440"]
[BlackElo "1290"]
[Result "1/2-1/2"]
[PlyCount "97"]
[EventDate "2016.09.08"]

1. e4 e5 2. Nf3 Nc6 3. Bc4 d6 4. d3 h6 5. Nc3 Nd4 6. Be3 Bg4 7. h3 Bxf3 8. gxf3
Qf6 9. Bxd4 exd4 10. Nd5 Qd8 11. Qd2 Ne7 12. Qe2 Nxd5 13. Bxd5 c6 14. Bc4 b5
15. Bb3 Qa5+ 16. Kf1 Be7 17. e5 O-O 18. e6 d5 19. Qe5 Bf6 20. Qd6 Qb6 21. Rg1
Rfd8 22. Qf4 Kh7 23. exf7 Qb8 24. Qf5+ Kh8 25. Re1 Qc7 26. Re6 Qxf7 27. Rg6 Rf8
28. Rgxf6 gxf6 29. Rxc6 Rfd8 30. Rxf6 Qg7 31. Rg6 Rf8 32. Qh5 Qh7 33. Rxh6 Qxh6
34. Qxh6+ Kg8 35. Bxd5+ Rf7 36. Qg6+ Kh8 37. Qxf7 Rd8 38. Qf6+ Kh7 39. Qxd8 Kg6
40. f4 a5 41. Qg8+ Kf6 42. Qe6+ Kg7 43. Qf7+ Kh6 44. h4 a4 45. Qf6+ Kh7 46. b3
a3 47. h5 b4 48. Qg6+ Kh8 49. h6 1/2-1/2

[Event "Torneo B Autunno Vomero"]
[Site "Napoli ITA"]
[Date "2016.10.06"]
[Round "5"]
[White "Guglielmi, Domenico Donato"]
[Black "Polizio, Italo"]
[WhiteElo "1542"]
[BlackElo "1258"]
[Result "1-0"]
[PlyCount "73"]
[EventDate "2016.09.08"]

1. d4 d5 2. c4 Nf6 3. Nc3 e6 4. Nf3 Bb4 5. a3 Ba5 6. b4 Ne4 7. Nxe4 dxe4 8. Ng5
Bxb4+ 9. axb4 Nc6 10. Nxe4 Nxb4 11. e3 O-O 12. Ba3 Qe7 13. Qb1 Qh4 14. Bxb4 Re8
15. Bd3 f5 16. g3 Qh5 17. Nd2 b6 18. Be2 Qh6 19. Bf3 Rb8 20. O-O Bb7 21. Rxa7
Bxf3 22. Nxf3 Qh5 23. Ne5 Rbc8 24. c5 Rf8 25. cxb6 Rf6 26. Rxc7 Re8 27. h4 Rh6
28. Qd1 Qxd1 29. Rxd1 Rf6 30. b7 Rb8 31. Rc8+ Rxc8 32. bxc8=Q+ Rf8 33. Qxe6+
Kh8 34. Nf7+ Kg8 35. Nh6+ Kh8 36. Qg8+ Rxg8 37. Nf7# 1-0

[Event "Torneo B Autunno Vomero"]
[Site "Napoli ITA"]
[Date "2016.10.06"]
[Round "5"]
[White "Orefice, Matteo"]
[Black "Verre, Gaetano"]
[WhiteElo "1440"]
[BlackElo "1387"]
[Result "1-0"]
[PlyCount "41"]
[EventDate "2016.09.08"]

1. e4 e5 2. Nf3 Nc6 3. Bb5 Nf6 4. O-O d6 5. Re1 Bg4 6. h3 Bh5 7. c3 a6 8. Ba4
Qd7 9. d4 b5 10. Bb3 exd4 11. cxd4 Bxf3 12. gxf3 Qxh3 13. e5 dxe5 14. dxe5 Bb4
15. exf6+ Bxe1 16. Qxe1+ Kf8 17. fxg7+ Kxg7 18. Qc3+ Kg8 19. Qxc6 Rc8 20. Bh6
Rf8 21. Qf6 1-0

[Event "Torneo B Autunno Vomero"]
[Site "Napoli ITA"]
[Date "2016.10.06"]
[Round "5"]
[White "Sheludko, Olexander"]
[Black "Condorelli, Pietro"]
[WhiteElo "1598"]
[BlackElo "1681"]
[Result "1-0"]
[PlyCount "61"]
[EventDate "2016.09.08"]

1. Nf3 c5 2. g3 a6 3. Bg2 e6 4. d3 b5 5. O-O Bb7 6. Nbd2 Nf6 7. e4 d6 8. Re1
Be7 9. Nf1 Nbd7 10. h3 Qc7 11. N1h2 c4 12. Qe2 cxd3 13. cxd3 Rc8 14. Rb1 Qc2
15. Bd2 Nc5 16. Bf1 Qa4 17. a3 Nb3 18. Bc3 a5 19. Ng4 Rxc3 20. Nxf6+ Bxf6 21.
bxc3 Bxc3 22. Red1 Qxa3 23. d4 Ba6 24. Qc2 Na1 25. Rxa1 Bxa1 26. Qc6+ Ke7 27.
Qxa6 Qxf3 28. Rxa1 Qxe4 29. Qxb5 Qxd4 30. Rxa5 Kf6 31. Qg5# 1-0